Vues de diverses parties de la côte Nord-Ouest d'Amérique (Record no. 196841)

MARC details
000 -LEADER
campo de control de longitud fija 01909nea a2200421 i 4500
001 - NÚMERO DE CONTROL
campo de control 196841
003 - IDENTIFICADOR DE NÚMERO DE CONTROL
campo de control SpMaBN
005 - FECHA Y HORA DE LA ÚLTIMA TRANSACCIÓN
campo de control 20250109063103.0
007 - CAMPO FIJO DE DESCRIPCIÓN FÍSICA--INFORMACIÓN GENERAL
campo de control de longitud fija aj*aanzn
008 - DATOS DE LONGITUD FIJA--INFORMACIÓN GENERAL
campo de control de longitud fija 000424s1799 fr g 0 fre
016 7# - NÚMERO DE CONTROL DE UNA AGENCIA BIBLIOGRÁFICA NACIONAL
Número de control del registro bicaBNE20050043434
Número de control cancelado/no válido AMER89003732
Fuente SpMaBN
034 0# - DATOS MATEMÁTICOS CARTOGRÁFICOS CODIFICADOS
Tipo de escala a
035 ## - NÚMERO DE CONTROL DEL SISTEMA
Número de control de sistema (SpMaBN)bica0000044085
035 ## - NÚMERO DE CONTROL DEL SISTEMA
Número de control de sistema (OCoLC)431578693
040 ## - FUENTE DE CATALOGACIÓN
Centro catalogador/agencia de origen SpMaBN
Lengua de catalogación spa
Centro/agencia transcriptor SpMaBN
Normas de descripción rdc
080 ## - NÚMERO DE LA CLASIFICACIÓN DECIMAL UNIVERSAL
Número de la Clasificación Decimal Universal (7)
Identificador de la edición 2015
245 00 - MENCIÓN DEL TÍTULO
Título Vues de diverses parties de la côte Nord-Ouest d'Amérique
Medio [Material cartográfico]
255 ## - DATOS MATEMÁTICOS CARTOGRÁFICOS
Mención de escala Escala indeterminada
260 ## - PUBLICACIÓN, DISTRIBUCIÓN, ETC.
Lugar de publicación, distribución, etc. [A Paris] :
Nombre del editor, distribuidor, etc. [De L'Imprimerie de la République],
Fecha de publicación, distribución, etc. [1799]
300 ## - DESCRIPCIÓN FÍSICA
Extensión 7 perfiles en 1 h. ;
Dimensiones 65 x 92 cm
336 ## - TIPO DE CONTENIDO
Término de tipo de contenido Imagen (cartográfica ; fija ; bidimensional ; visual)
Fuente rdacontent
337 ## - TIPO DE MEDIO
Nombre/término del tipo de medio sin mediación
Fuente rdamedia
338 ## - TIPO DE SOPORTE
Fuente rdacarrier
Nombre/término del tipo de soporte volumen
500 ## - NOTA GENERAL
Nota general Meridiano de origen: Greenwich
500 ## - NOTA GENERAL
Nota general Representación de perfiles verticales del terreno
505 0# - NOTA DE CONTENIDO CON FORMATO
Nota de contenido con formato "Pointe de los Reyes" ; "Baie de S. Francis Drake" ; "Entrée du Port St. Francisco" ; "Pointe Pinos" ; "Riviére Carmelo" ; "Santa Bárbara" ; "Entrée du Port Sn. Diego" ; "Pointe de Loma" ; "Deux Montagnes remarquables dans le Sud de Sn. Diego" ; "Cap Colnett"
596 ## - NOTA AL PIE DE IMPRENTA
NOTA AL PIE DE IMPRENTA Datos y año de edición tomados del atlas en el que se encuentra el mapa
599 ## - NOTA A LAS ILUSTRACIONES
NOTA A LAS ILUSTRACIONES Grabado por Michel
611 20 - PUNTO DE ACCESO ADICIONAL DE MATERIA--NOMBRE DE REUNIÓN/CONGRESO
Nombre de congreso/reunión o jurisdicción como elemento de entrada Vancouver, Expedición de,
Fecha del congreso o de la firma del tratado 1791-1795
9 (RLIN) 239420
651 #0 - PUNTO DE ACCESO ADICIONAL DE MATERIA--NOMBRE GEOGRÁFICO
Nombre geográfico América del Norte
Subdivisión de forma Mapas
Fuente del encabezamiento o término embne
9 (RLIN) 239286
655 #0 - TERMINO DE INDIZACIÓN--GENERO/FORMA
9 (RLIN) 239293
Datos o término principal de género/forma Mapas topográficos-
Subdivisión cronológica S. XVIII
700 1# - ENTRADA AGREGADA--NOMBRE PERSONAL
Nombre de persona Vancouver, George
Fechas asociadas al nombre 1757-1798
9 (RLIN) 113045
710 2# - ENTRADA AGREGADA--NOMBRE DE ENTIDAD CORPORATIVA
Nombre de entidad corporativa o nombre de jurisdicción como elemento de entrada Imprimerie de la République (Francia)
9 (RLIN) 239285
852 ## - LOCALIZACIÓN
Ubicación ES-MaACL
Ubicación en estantería Depósito 2
Signatura antigua Olim: 6988
-- Olim: 155-A-2
Número de control de estantería GF-116(12)
itemnumber 204493
Encuadernación Encuadernado con otros mapas formando un volumen facticio.
942 ## - ELEMENTOS DE ENTRADA SECUNDARIOS (KOHA)
Fuente del sistema de clasificación o colocación Clasificación decimal universal
Suprimir en OPAC No
Tipo de ítem Koha Mapa
Holdings
Estatus retirado Estado de pérdida Fuente del sistema de clasificación o colocación Estado de daño No para préstamo Biblioteca de origen Biblioteca actual Ubicación en estantería Fecha de adquisición Total de préstamos Signatura topográfica completa Código de barras Visto por última vez Precio de reemplazo Tipo de ítem Koha
    Clasificación decimal universal     Biblioteca del Ateneo de Madrid Biblioteca del Ateneo de Madrid Depósito 2 07/01/2025   GF-116(12) 101229299 07/01/2025 07/01/2025 Mapa